000 00569nam a2200169Ia 4500
008 100122s9999 xx 000 0 und d
082 _b72730
_a294.5
100 _aभागवत सिंधू
245 _aशोध कूटस्थाचा
250 _a1
260 _bपत्रद्वारा दासबोध अभ्यास मंडळ
_c2007
300 _a206
630 _aशोध कूटस्थाचा
700 _aजोशी रत्नप्रभा
730 _aशोध कूटस्थाचा
942 _cBOOK
999 _c388490
_d388487